Top 10 NBA Shooting Guards 2012/2013 - Statistics

General Stats
  • This quiz has been taken 745 times
  • The average score is 4 of 10
Answer Stats
Rank Player % Correct
1 Kobe Bryant
86%
2 Dwyane Wade
81%
3 James Harden
76%
4 Joe Johnson
41%
7 Manu Ginobili
38%
10 Paul George
33%
5 Monta Ellis
30%
6 Andre Iguodala
18%
9 Eric Gordon
16%
8 O.J. Mayo
14%
No matching quizzes found
Score Distribution
Percent of People with Each Score
Percentile by Number Answered
Your Score History
You have not taken this quiz